30 Greatest Ballets - Statistics

General Stats
  • This quiz has been taken 978 times
  • The average score is 10 of 30
Answer Stats
Hint Answer % Correct
2 Swan Lake
96%
3 The Nutcracker
95%
6 The Sleeping Beauty
82%
1 Giselle
77%
10 Cinderella
66%
4 Don Quixote
65%
5 Romeo & Juliet
65%
14 Coppelia
61%
7 La Bayadère
50%
25 La Sylphide
40%
16 Paquita
30%
9 Le Corsaire
29%
24 La Fille mal-gardée
25%
19 Carmen
22%
27 Le Sacre du Printemps
21%
11 Raymonda
21%
8 Manon
19%
15 A Midsummer Night's Dream
16%
17 Esmeralda
15%
22 Sylvia
13%
23 Onegin
10%
29 Serenade
10%
18 Mayerling
8%
13 Apollo
7%
26 The Pharaoh's Daughter
5%
12 Afternoon of a Faun
4%
21 Ondine
3%
30 Dances at a Gathering
2%
28 Les Noces
2%
20 Theme & Variations
2%
No matching quizzes found
Score Distribution
Percent of People with Each Score
Percentile by Number Answered
Your Score History
You have not taken this quiz